[Event "1st FIDE World Online Women Blitz 2015"]
[Site "Rome ITA"]
[Date "2015.11.26"]
[Round "17"]
[White "Foisor, Sabina-Francesca"]
[Black "Vasilevich, Irina"]
[Result "1/2-1/2"]
[WhiteTitle "WGM"]
[BlackTitle "IM"]
[WhiteElo "2258"]
[BlackElo "2305"]
[WhiteFideId "1212915"]
[BlackFideId "4141296"]
[EventDate "2015.11.26"]

1. d4 Nf6 2. c4 Nc6 3. e3 e5 4. d5 Bb4+ 5. Bd2 Bxd2+ 6. Qxd2 Ne7 7. Nc3 d6 8.
Bd3 a5 9. Nge2 O-O 10. O-O Ng6 11. Ng3 b6 12. f3 Re8 13. b3 Bd7 14. a3 c5 15.
dxc6 Bxc6 16. b4 d5 17. c5 bxc5 18. bxc5 Qe7 19. Rfc1 Rac8 20. Nce2 e4 21. fxe4
dxe4 22. Ba6 Rcd8 23. Qxa5 Ng4 24. Nd4 N6e5 25. Ndf5 Qg5 26. Qc3 h5 27. h4 Qg6
28. Rd1 Rxd1+ 29. Rxd1 Kh7 30. Rd6 f6 31. a4 Nh6 32. Nxh6 Qxg3 33. Nf5 Nf3+ 34.
Kf1 Nh2+ 35. Kg1 Nf3+ 36. Kf1 Nh2+ 37. Kg1 Nf3+ 1/2-1/2

[Event "1st FIDE World Online Women Blitz 2015"]
[Site "Rome ITA"]
[Date "2015.11.26"]
[Round "17"]
[White "Padmini, Rout"]
[Black "Gunina, Valentina"]
[Result "0-1"]
[WhiteTitle "IM"]
[BlackTitle "GM"]
[WhiteElo "2437"]
[BlackElo "2516"]
[WhiteFideId "5029295"]
[BlackFideId "4167570"]
[EventDate "2015.11.26"]

1. e4 c6 2. d4 d5 3. e5 Bf5 4. h4 h6 5. g4 Bd7 6. h5 Qc8 7. Bh3 c5 8. c3 Nc6 9.
Be3 cxd4 10. cxd4 e6 11. Nc3 Na5 12. Nge2 Nc4 13. Bc1 Bb4 14. Qd3 Ne7 15. b3 Na5
16. Bd2 Nac6 17. Nb5 O-O 18. Nd6 Qc7 19. Nb5 Qa5 20. Nbc3 f6 21. f4 fxe5 22.
fxe5 Rf7 23. Rf1 Raf8 24. Rxf7 Rxf7 25. a3 Bxa3 26. Nb1 Nb4 27. Qc3 Qb5 28. Nxa3
Nd3+ 29. Kd1 Nf2+ 30. Ke1 Qd3 31. Bf1 Qe4 32. Be3 Nxg4 33. Kd2 Rf3 34. Nc2 Rf8
35. Bh3 Bb5 36. Rg1 Bxe2 37. Kxe2 Qf3+ 38. Kd2 Qxh3 39. Qd3 Nxe3 40. Qxe3 Qh2+
41. Kd3 Nf5 0-1

[Event "1st FIDE World Online Women Blitz 2015"]
[Site "Rome ITA"]
[Date "2015.11.26"]
[Round "17"]
[White "Nikolova, Adriana"]
[Black "Dzagnidze, Nana"]
[Result "1/2-1/2"]
[WhiteTitle "WGM"]
[BlackTitle "GM"]
[WhiteElo "2337"]
[BlackElo "2566"]
[WhiteFideId "2908689"]
[BlackFideId "13601903"]
[EventDate "2015.11.26"]

1. e4 c5 2. Nf3 a6 3. c3 d5 4. exd5 Qxd5 5. d4 Nf6 6. Be2 e6 7. O-O Nc6 8. Be3
cxd4 9. cxd4 Be7 10. Nc3 Qa5 11. a3 O-O 12. b4 Qd8 13. Ng5 Bd7 14. Bd3 h6 15.
Nge4 Rc8 16. Nxf6+ Bxf6 17. Ne4 Bxd4 18. Bxd4 Nxd4 19. Nd6 Ba4 20. Qxa4 Qxd6 21.
Rfd1 e5 22. Be4 Rc7 23. Kh1 Rfc8 24. h3 Qe6 25. Rd3 Qf6 26. Rf1 Qf4 27. Bd5 Rc1
28. Rdd1 R1c7 29. Rd3 Rd8 30. Ba2 Qg5 31. Qa5 Rcd7 32. Rg3 Qf6 33. Qc5 Qd6 34.
Qc4 Qf6 35. a4 Kh8 36. b5 axb5 37. axb5 b6 38. Rg4 Qd6 39. Qd3 f5 40. Rg3 e4 41.
Qc4 Qe5 42. h4 Qxb5 43. Qc1 Qe5 44. Rd1 Ne2 45. Rxd7 Nxg3+ 46. fxg3 Rxd7 47.
Qc8+ Kh7 48. Qxd7 Qa1+ 49. Kh2 Qxa2 50. Qxf5+ Kh8 51. Qxe4 Qg8 52. Qc6 Qb8 53.
Qb5 Qd6 54. Kh3 Kh7 55. g4 Qe6 56. h5 Kg8 57. g3 Kf7 58. Qf1+ Qf6 59. Qb1 Ke7
60. Kh2 Kd7 61. Qd3+ Kc7 62. Qc4+ Kb7 63. Qd5+ Kc7 64. Qc4+ Kd6 65. Qd3+ Kc5 66.
Qc2+ Kb4 67. Qd2+ Kb3 68. Qe3+ Kc4 69. Qe4+ Qd4 70. Qe6+ Kc3 71. Qc6+ Kd2 72.
Kh3 Ke3 73. Qe6+ Kd3 74. Qf5+ Kc4 75. Qe6+ Kc5 76. Qc8+ Kb5 77. Qe8+ Ka5 78.
Qa8+ Kb4 79. Qf8+ Kc3 80. Qc8+ Kd2 81. Qc6 Kd3 82. Qb5+ Kc2 83. Qc6+ Kb3 84.
Qb5+ Kc3 85. Qc6+ Kb4 86. Qc1 b5 87. g5 Qd7+ 88. Kh4 hxg5+ 89. Qxg5 Kc4 90. Qc1+
Kb4 91. g4 Ka5 92. Qa3+ Kb6 93. Qe3+ Ka6 94. Qa3+ Kb7 95. Qb4 Kc6 96. g5 Qe6 97.
Qc3+ Kb6 98. Qd4+ Ka5 99. Qa1+ Kb4 100. Qb2+ Ka4 101. Qc2+ Ka5 102. Qc7+ Ka4
103. Qc2+ Ka5 104. Qc7+ Ka4 105. Qa7+ Kb3 106. Qd4 b4 107. Qxg7 Qe4+ 108. Kg3
Qe3+ 109. Kg4 Qe4+ 110. Kg3 Qe3+ 111. Kg2 Qe2+ 112. Kh3 Qf3+ 113. Kh4 Qf4+ 114.
Kh3 Qf3+ 115. Kh4 Qf4+ 116. Kh3 Qf3+ 1/2-1/2

[Event "1st FIDE World Online Women Blitz 2015"]
[Site "Rome ITA"]
[Date "2015.11.26"]
[Round "17"]
[White "Gvetadze, Sofio"]
[Black "Harika, Dronavalli"]
[Result "1/2-1/2"]
[WhiteTitle "IM"]
[BlackTitle "GM"]
[WhiteElo "2321"]
[BlackElo "2513"]
[WhiteFideId "13601440"]
[BlackFideId "5015197"]
[EventDate "2015.11.26"]

1. e4 e6 2. d4 d5 3. exd5 exd5 4. Nf3 Nc6 5. c4 Bb4+ 6. Nc3 Nge7 7. h3 O-O 8.
Be2 dxc4 9. Bxc4 Nd5 10. Bd2 Re8+ 11. Be2 Bxc3 12. bxc3 Qe7 13. c4 Nf6 14. Be3
Ne4 15. Qb3 Ng3 16. fxg3 Qxe3 17. Qxe3 Rxe3 18. Kf2 Re7 19. Rhe1 Bf5 20. g4 Bg6
21. d5 Nb4 22. Bf1 Rae8 23. Rxe7 Rxe7 24. a3 Nc2 25. Rb1 b6 26. Rb3 Kf8 27. Bd3
Bxd3 28. Rxd3 Re4 29. Rc3 Nd4 30. Nxd4 Rxd4 31. Ke3 Rd1 32. Ke4 Ke7 33. c5 Kd7
34. cxb6 axb6 35. g5 Rd2 36. Rf3 Ke7 37. g3 f6 38. gxf6+ gxf6 39. Rc3 Kd7 40. g4
Re2+ 41. Kd4 Rf2 42. Ke4 Re2+ 43. Kd4 Rf2 44. Ke4 Re2+ 1/2-1/2

[Event "1st FIDE World Online Women Blitz 2015"]
[Site "Rome ITA"]
[Date "2015.11.26"]
[Round "18"]
[White "Vasilevich, Irina"]
[Black "Gvetadze, Sofio"]
[Result "1-0"]
[WhiteTitle "IM"]
[BlackTitle "IM"]
[WhiteElo "2305"]
[BlackElo "2321"]
[WhiteFideId "4141296"]
[BlackFideId "13601440"]
[EventDate "2015.11.26"]

1. b3 Nf6 2. Bb2 g6 3. d3 Bg7 4. Nd2 d6 5. e3 Nbd7 6. Be2 O-O 7. g4 e5 8. h4 Nd5
9. a3 f5 10. gxf5 gxf5 11. c4 N5f6 12. Qc2 Kh8 13. Ngf3 Qe7 14. Ng5 c6 15. O-O-O
b5 16. Bf3 d5 17. Kb1 Bb7 18. Rdg1 Rab8 19. cxb5 cxb5 20. d4 e4 21. Be2 Rfc8 22.
Qd1 a5 23. h5 Bh6 24. Nh3 a4 25. b4 Rg8 26. Rxg8+ Nxg8 27. Bxb5 Bc8 28. Bxa4 Nb6
29. Bb3 Be6 30. Rg1 Nf6 31. Qe2 Qf7 32. Ng5 Bxg5 33. Rxg5 Bd7 34. f3 Ba4 35.
fxe4 fxe4 36. Qf2 Bxb3 37. Nxb3 Qe7 38. h6 Nc4 39. Rg7 Qd6 40. Rf7 Ng4 41. Qf5
Rg8 42. Qxh7# 1-0

[Event "1st FIDE World Online Women Blitz 2015"]
[Site "Rome ITA"]
[Date "2015.11.26"]
[Round "18"]
[White "Harika, Dronavalli"]
[Black "Zimina, Olga"]
[Result "1-0"]
[WhiteTitle "GM"]
[BlackTitle "IM"]
[WhiteElo "2513"]
[BlackElo "2364"]
[WhiteFideId "5015197"]
[BlackFideId "4132190"]
[EventDate "2015.11.26"]

1. Nf3 d5 2. c4 d4 3. g3 Nc6 4. Bg2 e5 5. O-O e4 6. Ne1 h5 7. Bxe4 h4 8. Bg2 Nf6
9. Nf3 hxg3 10. fxg3 Bh3 11. d3 Qd7 12. Rf2 Ng4 13. Bxh3 Rxh3 14. Rg2 O-O-O 15.
Na3 Bc5 16. Nc2 Rdh8 17. Qf1 Qd6 18. Bf4 Qe6 19. Ng5 Qe7 20. Nxh3 Rxh3 21. a3
Qd7 22. b4 Be7 23. b5 Nce5 24. Re1 Bc5 25. a4 f6 26. a5 Kb8 27. a6 b6 28. Bxe5
Nxe5 29. Qf4 Rh8 30. Qe4 c6 31. Rf1 cxb5 32. cxb5 Rc8 33. Kh1 Rc7 34. Rb1 Qf7
35. Nxd4 Qa2 36. Rf1 Qb2 37. Ne6 Re7 38. Nxc5 bxc5 39. e3 Qc3 40. d4 cxd4 41.
exd4 Qc4 42. Re1 Qc3 43. dxe5 fxe5 44. Rge2 Qc5 45. Rd1 Qxb5 46. Rb1 1-0

[Event "1st FIDE World Online Women Blitz 2015"]
[Site "Rome ITA"]
[Date "2015.11.26"]
[Round "18"]
[White "Dzagnidze, Nana"]
[Black "Padmini, Rout"]
[Result "1-0"]
[WhiteTitle "GM"]
[BlackTitle "IM"]
[WhiteElo "2566"]
[BlackElo "2437"]
[WhiteFideId "13601903"]
[BlackFideId "5029295"]
[EventDate "2015.11.26"]

1. d4 Nf6 2. Nf3 g6 3. g3 Bg7 4. Bg2 O-O 5. O-O d5 6. b3 c5 7. Bb2 Ne4 8. e3 Nc6
9. c3 e5 10. dxc5 Nxc5 11. b4 Ne4 12. Nbd2 Nd6 13. Qb3 Be6 14. Rfd1 h6 15. a3
Qc7 16. Rac1 a5 17. Ne1 e4 18. c4 dxc4 19. Qc2 Bxb2 20. Qxb2 axb4 21. axb4 f5
22. b5 Na5 23. Qe5 Bf7 24. Nxe4 fxe4 25. Rxd6 Rae8 26. Rxg6+ 1-0

[Event "1st FIDE World Online Women Blitz 2015"]
[Site "Rome ITA"]
[Date "2015.11.26"]
[Round "18"]
[White "Gunina, Valentina"]
[Black "Foisor, Sabina-Francesca"]
[Result "1-0"]
[WhiteTitle "GM"]
[BlackTitle "WGM"]
[WhiteElo "2516"]
[BlackElo "2258"]
[WhiteFideId "4167570"]
[BlackFideId "1212915"]
[EventDate "2015.11.26"]

1. d4 d5 2. c4 e6 3. Nc3 Nf6 4. Nf3 Be7 5. Bg5 O-O 6. e3 Nbd7 7. Rc1 h6 8. Bh4
c5 9. cxd5 Nxd5 10. Bxe7 Nxe7 11. Bd3 cxd4 12. exd4 Nf6 13. O-O b6 14. Ne5 Bb7
15. Bb1 Ned5 16. Ne4 Nxe4 17. Bxe4 f5 18. Bf3 Rc8 19. Re1 Qg5 20. Rxc8 Rxc8 21.
Nd3 Qf6 22. Qa4 Bc6 23. Qa6 Re8 24. Ne5 Nb4 25. Qxa7 Bxf3 26. Nxf3 Nc2 27. Rd1
Qd8 28. Qa4 Qc8 29. Rc1 1-0